Kabale University Library Catalogue

Ibsen : (Record no. 5853)

MARC details
000 -LEADER
fixed length control field 00497nam a22001697a 4500
005 - DATE AND TIME OF LATEST TRANSACTION
control field 20260128115941.0
008 - FIXED-LENGTH DATA ELEMENTS--GENERAL INFORMATION
fixed length control field 260128b |||||||| |||| 00| 0 eng d
040 ## - CATALOGING SOURCE
Original cataloging agency KABLIB
Transcribing agency KABLIB
Description conventions rda
082 ## - DEWEY DECIMAL CLASSIFICATION NUMBER
Edition number 23
Classification number 839.8336
Item number MEY
100 ## - MAIN ENTRY--PERSONAL NAME
Personal name Meyer, Michael
9 (RLIN) 14758
245 ## - TITLE STATEMENT
Title Ibsen :
Remainder of title a biography by Michael Meyer/
Statement of responsibility, etc. Michael Meyer.
260 ## - PUBLICATION, DISTRIBUTION, ETC.
Place of publication, distribution, etc. New York :
Name of publisher, distributor, etc. Penguin Books,
Date of publication, distribution, etc. c1971.
300 ## - PHYSICAL DESCRIPTION
Extent 907 p. ;
Dimensions 20 cm.
500 ## - GENERAL NOTE
General note Includes bibliographies, index.
650 ## - SUBJECT ADDED ENTRY--TOPICAL TERM
Topical term or geographic name entry element Fiction
942 ## - ADDED ENTRY ELEMENTS (KOHA)
Source of classification or shelving scheme Dewey Decimal Classification
Koha item type Book
Holdings
Withdrawn status Lost status Source of classification or shelving scheme Damaged status Not for loan Home library Current library Shelving location Date acquired Source of acquisition Total Checkouts Full call number Barcode Date last seen Price effective from Koha item type
    Dewey Decimal Classification     Education Library Education Library Open Access Section 28.01.2026 Donation   839.8336 MEY 14323 28.01.2026 28.01.2026 Book
    Dewey Decimal Classification     Education Library Education Library Open Access Section 28.01.2026 Donation   839.8336 MEY 14324 28.01.2026 28.01.2026 Book
    Dewey Decimal Classification     Education Library Education Library Open Access Section 28.01.2026 Donation   839.8336 MEY 14325 28.01.2026 28.01.2026 Book
    Dewey Decimal Classification     Education Library Education Library Open Access Section 28.01.2026 Donation   839.8336 MEY 14326 28.01.2026 28.01.2026 Book
    Dewey Decimal Classification     Education Library Education Library Open Access Section 28.01.2026 Donation   839.8336 MEY 14327 28.01.2026 28.01.2026 Book

Kabale University Library | Kabale University P.O Box 317, Kabale, Uganda
Tel : +256754017033, +256774661503 E-mail : library@kab.ac.ug